000 00368nam a2200157Ia 4500
008 230917s9999||||xx |||||||||||||| ||und||
040 _e147428
_aMAIN
041 _aEnglish
082 _a364.1 S75S
100 _aSethna,M.J
245 0 _aSociety and the criminal
250 _a2nd ed.
260 _aBombay
_bKitab Mahal
_c1964
300 _a454p. p.
942 _cBK
999 _c187255
_d187255